| 000 | 01023nam a2200265 a 4500 | ||
|---|---|---|---|
| 001 | 000019467 | ||
| 005 | 20200929170027.0 | ||
| 008 | 100629s2005 es c 000 0bspa d | ||
| 020 | _a849764753X | ||
| 040 |
_aDO-SdBNP _bspa _cBNPHU |
||
| 082 |
_a923.144 _bxxxx |
||
| 100 | 1 |
_aMuñoz Muñoz, Francisca _941813 |
|
| 245 | 1 | 0 |
_aMaría Antonieta / _cFrancisca Muñoz Muñoz ; coordinador general Felipe Sen ; coordinador de colección Mar de Ventura Fernández. |
| 260 |
_aMadrid : _bEdimat, _c2005. |
||
| 300 |
_a191 p. : _bretrs. ; _c22 cm. |
||
| 490 | 1 | _aMujeres en la historia | |
| 500 | _aIncluye datos biográficos de la autora en el chaleco | ||
| 504 | _aIncluye notas biográficas al pie de las páginas | ||
| 504 | _aIncluye bibliografías (p. 191) | ||
| 600 | 1 | 4 |
_aMARÍA ANTONIETA, _cREINA CONSORTE DE LUIS XVI, REY DE FRANCIA, _d1755-1793 _941814 |
| 700 | 1 |
_aSen, Felipe, _ecoord. _941707 |
|
| 700 | 1 |
_aVentura Fernández, Mar de, _ecoord. _941759 |
|
| 830 | 0 |
_aMujeres en la historia _941760 |
|
| 049 | _aBNPD | ||
| 999 |
_c18983 _d18983 |
||